Statistics for Breaking Bad and Better Call Saul Trivia

Click here to take the quiz!

General Stats

  • This quiz has been taken 430 times
    (421 since last reset)
  • The average score is 18 of 29

Answer Stats

HintAnswer% Correct
what is Walter's brother-in-law's name?Hank Schrader
95%
What is Saul Goodman's real name?Jimmy McGill
94%
What is Walter White's alias?Heisenberg
93%
What color is Walter's signiture product?blue
87%
What was Walter's cooking partner's name?Jesse Pinkman
84%
Which was owned by which character?Gustavo Fring
82%
What was Walter's wife's name?Skyler White
82%
In Breaking Bad, what was Saul Goodman's P.I.'s name?Mike Ehrmantraut
80%
He went on to be head of corporate security for which fast food chain?Los Pollos Hermanos
79%
Who was the meth distributor Skinny Pete first introduced to the duo?Tuco Salamanca
70%
What is Saul's brother allergic to/sensative to?electricity
69%
If Marie had made said product, what color would she have preferred?purple
68%
What is Saul's brother's name?Charles "Chuck" McGill
68%
Who is the female main character in Better Call Saul?Kim Wexler
64%
And what was the name of his girlfriend who died of a drug overdose?Jane Margolis
64%
What was Walter Junior's nickname?Flynn
63%
Who is Saul's bodyguard, who is probably STILL in the safe house?Huell Babineaux
59%
What is the name of the law firm at the center of Better Call Saul?Hamlin, Hamlin, and McGill
59%
What sweetener does Lydia put in her tea?Stevia
55%
What, in that location, is for customers only?cucumber water
54%
Where is Saul's office in season one of Better Call Saul?Nail Salon
53%
What was Brandon Mayhew's alias?Badger
52%
Who created both series?Vince Gilligan
52%
In Better Call Saul, who is the above partnered with?Ignacio "Nacho" Varga
50%
Who was the original owner of the carwash?Bogdan Wolynetz
43%
What is that character's job when they first met?parking attendant
39%
What is the retirement home being sued in Better Call Saul?Sandpiper
33%
In Breaking Bad, what was Christian Ortega's alias?Combo
31%
Who sang Peter Schilling's Major Tom Coming Home at Thai karaoke?Gale Boetticher
19%

Score Distribution

Percentile by Number Answered

Percent of People with Each Score

Your Score History

You have not taken this quiz since the last reset